History Quiz

Random History or Famous Quiz

This disease is as catchy as this title Quiz Stats

 Plays Quiz not verified by Sporcle

Score 0/10 Timer 05:00
0 Plays Today
Hint Answer % Correct
He had six wivesHenry VIII
75.6%
He enjoyed the starry starry nightVincent Van Gogh
59.7%
Dictator who enjoyed camps and showersAdolf Hitler
59.7%
Short man syndromeNapoleon Bonaparte
53.7%
Russian writer of war and peaceLeo Tolstoy
50.2%
He was a horrible prince of MoscowIvan the Terrible
44.8%
He may have evaded paying taxes but not this diseaseAl Capone
32.8%
This play write never won an acadamy awardOscar Wilde
10.4%
Founded Melbourne and not Gotham CityJohn Batman
6.5%
This composer is like a dogHugo Wolf
4.5%

You're not logged in!

Compare scores with friends on all Sporcle quizzes.
OR
Log In

Show Comments

Extras

Top Quizzes Today


Score Distribution

Your Account Isn't Verified!

In order to create a playlist on Sporcle, you need to verify the email address you used during registration. Go to your Sporcle Settings to finish the process.

Report this User

Report this user for behavior that violates our Community Guidelines.

Details: